000 00297nam a22001097a 4500
082 _a355.028 KHA'G
100 _aKHAN, MOHD AKBAR
_979354
245 _aGUERRILLA WARFARE ITS PAST PRESENT AND FUTURE AND COUNTER GUERRILLA WARFAR
260 _aKARACHI
_bRANGRUT
_c1960
300 _a292P
942 _cBK
999 _c584397
_d584397